Race-to-Nine Word Puzzle #1 - Statistics

General Stats
  • This quiz has been taken 163,457 times
  • The average score is 4 of 7
Answer Stats
# Answer % Correct
3 Gem, Meg
100%
4 Germ
94%
5 Grime
78%
6 Gamier, Imager, Maigre, Mirage
64%
7 Migrate, Ragtime
40%
8 Emigrant, Remating
19%
9 Nightmare
14%
No matching quizzes found
Score Distribution
Percent of People with Each Score
Percentile by Number Answered
Your Score History
You have not taken this quiz